000 00641nam a2200241Ia 4500
008 160319s9999 xx 000 0 und d
020 _a9789712721823
050 _a920
050 _bJ91c 2009
245 _aCory :
245 _ban intimate portrait /
245 _cMargie Penson-Juico, editor
260 _aPasig City :
260 _bAnvil Pub. Inc
260 _c2009
300 _a290 p. :
300 _bill., ports. ;
300 _c23 cm.
650 _aAquino, Corazon C.
650 _aPhilippines -- Politics and government -- 1986-
650 _aPresidents -- Philippines
700 _aJuico, Margarita P., editor
999 _c292227
_d292227